• 首页
  • 本馆介绍
  • 公告通知
  • 最新文献
  • 馆藏检索
  • 电子资源
  • 读者导购
  • 参考咨询
  • 我的图书馆
  • 登录
  • 详细信息显示
  • 放入我的书架
  • 预约/预借图书
  • 作者相关作品
  • 分类相关作品
  • 丛书相关作品
  • 出版社相关作品

书目信息

  • 表格格式
  • 工作单格式
  • 卡片格式
题名:
有机合成原理与技术
    
 
作者: 樊晓辉 , 管永红 , 汤霞 编著
分册:  
出版信息: 北京   中国水利水电出版社  2015.6
页数: 270页
开本: 26cm
丛书名:
单 册:
中图分类: O621.3
科图分类:
主题词: 有机合成--研究
电子资源:
ISBN: 978-7-5170-2998-4
000 00994nam0 2200265 450
001 0400009452
005 20171121081036.0
010    @a978-7-5170-2998-4@dCNY62.00
100    @a20151126d2015 em y0chiy50 ea
101 0  @achi
102    @aCN@b110000
105    @aa z 000yy
106    @ar
200 1  @a有机合成原理与技术@Ayou ji he cheng yuan li yu ji shu@f樊晓辉,管永红,汤霞编著
210    @a北京@c中国水利水电出版社@d2015.6
215    @a270页@c图表@d26cm
320    @a有书目(第270页)
330    @a本书共分为十二章,内容包括:有机合成的发展历程;有机反应类型和机理;有机合成路线设计;分子拆分;过渡金属催化偶联反应;环化反应;官能团的引入、转换和保护;不对称合成;生物催化合成;有机光化学合成;相转移催化合成;其他有机合成技术等。
606 0  @a有机合成@x研究
690    @aO621.3@v5
701  0 @a樊晓辉@Afan xiao hui@4编著
701  0 @a管永红@Aguan yong hong@4编著
701  0 @a汤霞@Atang xia@4编著
801  0 @aCN@b上海新华@c20171121
905    @b1028947-51@dO621.3@e102@f5
    
    有机合成原理与技术/樊晓辉,管永红,汤霞编著.-北京:中国水利水电出版社,2015.6
    270页:图表;26cm
    
    
    ISBN 978-7-5170-2998-4:CNY62.00
    本书共分为十二章,内容包括:有机合成的发展历程;有机反应类型和机理;有机合成路线设计;分子拆分;过渡金属催化偶联反应;环化反应;官能团的引入、转换和保护;不对称合成;生物催化合成;有机光化学合成;相转移催化合成;其他有机合成技术等。
●
相关链接 在E读中查询图书 在五车中查询图书 在当当中查询图书 在豆瓣中查询图书


正题名:有机合成原理与技术     索取号:O621.3/102         预约/预借

序号 登录号 条形码 馆藏地/架位号 状态 备注
1 1028947   210289472   第二样本阅览室/ [索取号:O621.3/102] 在馆    
2 1028948   210289481   密集书库-化学系/ [索取号:O621.3/102] 在馆    
3 1028949   210289490   第三借阅区/ [索取号:O621.3/102] 在馆    
4 1028950   210289506   第三借阅区/ [索取号:O621.3/102] 在馆    
5 1028951   210289515   第三借阅区/ [索取号:O621.3/102] 在馆    
唐山师范学院图书馆 欢迎您!
大连网信软件有限公司© 版权所有